Polacy z największą liczbą zawodów w 2024 roku - Statystyki

Ogólne statystyki
  • Ten quiz został rozwiązany 33 razy
  • Średni wynik to 12 z 20
Statystyki odpowiedzi
Liczba zawodów w 2024r. Speedcuber % Poprawnych
29 Przemysław Rogalski
100%
50 Kacper Paweł Dworak
96%
23 Karol Zakrzewski
96%
22 Krzysztof Bober
88%
17 Łukasz Dubicki
77%
18 Maksymilian Kulas
77%
21 Piotr Olszewski
77%
14 Łukasz Burliga
73%
17 Oliwier Szubert
73%
16 Tomasz Szubert
73%
19 Majk Tomas
58%
19 Patryk Milewczyk
58%
16 Tomasz Stawowy
58%
15 Olaf Kuźmiński
50%
17 Sebastian Nowicki
50%
18 Bartosz Karpiński
27%
14 Arkadiusz Abramowski
19%
21 Maksymilian Majcher
19%
16 Maksymilian Gala
12%
15 Krystian Kalicki
0%
Nie znaleziono quizów pasujących do podanych kryteriów
Rozkład punktacji
Procent ludzi z każdym wynikiem
Percentyl według liczby udzielonych odpowiedzi
Twoja historia wyników
Nie rozwiązałeś tego quizu